• 首页
  • 本馆介绍
  • 公告通知
  • 最新文献
  • 馆藏检索
  • 电子资源
  • 读者导购
  • 参考咨询
  • 我的图书馆
  • 登录
  • 详细信息显示
  • 放入我的书架
  • 预约/预借图书
  • 作者相关作品
  • 分类相关作品
  • 丛书相关作品
  • 出版社相关作品

书目信息

  • 表格格式
  • 工作单格式
  • 卡片格式
题名:
欧洲之旅
    
 
作者: 朱自清 著
分册:  
出版信息: 西安   陕西师范大学出版社  2005
页数: 251页
开本: 23cm
丛书名:
单 册:
中图分类: I266.4
科图分类:
主题词: 游记--作品集--中国--现代 , 散文--作品集--中国--现代
电子资源:
ISBN: 7-5613-3231-9
000 01006nam0 2200241 450
001 TSC-162061
005 20061227171025.48
010    @a7-5613-3231-9@dCNY49.80
100    @a20060829d2005 ekmy0chiy0120 ea
101 0  @achi
102    @aCN@b110000
105    @aa z 000yy
200 1  @a欧洲之旅@AOu Zhou Zhi Lu^@e漫游在文明的梦幻中@EMan You Zai Wen Ming De Meng Huan Zhong@f朱自清著@FZhu Zi Qing Zhu
210    @a西安@c陕西师范大学出版社@d2005
215    @a251页@c图@d23cm
330    @a本书是《欧洲杂记》和《伦敦杂记》的合订本。集结了朱自清旅游欧洲的散文游记共十余篇。展现了作者细腻的观察力、深厚的人文素养,并透过摄影镜头,走进历史现场。这些作品超越时空,如主经典,文本在当代具有独树一格的魅力,值得探索、重读、精读。
517 1  @a漫游在文明的梦幻中@AMan You Zai Wen Ming De Meng Huan Zhong
606 0  @a游记@x作品集@y中国@z现代
606 0  @a散文@x作品集@y中国@z现代
690    @aI266.4@v4
701  0 @a朱自清@AZhu Zi Qing@4著
801  0 @aCN@b中图数据@c20061227
905    @a10447@dI266.4@e1122
    
    欧洲之旅:漫游在文明的梦幻中/朱自清著.-西安:陕西师范大学出版社,2005
    251页:图;23cm
    
    
    ISBN 7-5613-3231-9:CNY49.80
    本书是《欧洲杂记》和《伦敦杂记》的合订本。集结了朱自清旅游欧洲的散文游记共十余篇。展现了作者细腻的观察力、深厚的人文素养,并透过摄影镜头,走进历史现场。这些作品超越时空,如主经典,文本在当代具有独树一格的魅力,值得探索、重读、精读。
●
相关链接 在E读中查询图书 在五车中查询图书 在当当中查询图书 在豆瓣中查询图书


正题名:欧洲之旅     索取号:I266.4/1122         预约/预借

序号 登录号 条形码 馆藏地/架位号 状态 备注
1 0605617   206056177   第一样本阅览室/ [索取号:I266.4/1122] 在馆    
2 0605618   206056186   第二借阅区/ [索取号:I266.4/1122] 在馆    
3 0605619   206056195   第二借阅区/ [索取号:I266.4/1122] 在馆    
唐山师范学院图书馆 欢迎您!
大连网信软件有限公司© 版权所有